Matematika pre štúdium technických vied kniha je určená inžinierom ... a posl. vys. škôl 1. diel

Guardado en:
Detalles Bibliográficos
Autores principales: Kluvánek, Igor, 1931-1993 (Autor), Mišík, Ladislav (Autor), Švec, Marko, 1919- (Autor)
Formato: Libro
Lenguaje:eslovaco
Publicado: Bratislava Alfa 1971
Edición:4. nezm. vyd.
Colección:Edícia teoretickej literatúry
Materias:
Acceso en línea:Ver en el OPAC
Etiquetas: Agregar Etiqueta
Sin Etiquetas, Sea el primero en etiquetar este registro!

MARC

LEADER 00000nam a2200000 a 4500
005 20260127134357.0
008 190102s1971 xo 000 slo
015 |a SKSNBA1971/11-02602 
035 |a vtls008341926 
035 |a SK01SNK19710034143 
035 |a SKM000036606 
039 9 |a 201901021449  |b VLOAD  |c 201808141042  |d VLOAD  |y 200511080017  |z VLOAD 
040 |a SNK  |b slo  |c SNK  |e AACR2 
041 1 |a slo 
044 |a xo  |c SK 
080 |a 51(075.8)  |2 1981 
100 1 |a Kluvánek, Igor,  |d 1931-1993  |4 aut  |9 992 
245 1 0 |a Matematika pre štúdium technických vied  |n 1. diel  |b kniha je určená inžinierom ... a posl. vys. škôl  |c autori: Igor Kluvánek, Ladislav Mišík, Marko Švec 
250 |a 4. nezm. vyd. 
260 |a Bratislava  |b Alfa  |e Bratislava  |f Svornosť  |c 1971 
300 |a 758, [1] s.  |c 8° 
490 1 |a Edícia teoretickej literatúry 
500 |a Ilustr. Pozn. Grafy. Schémy. Reg. Slov.-čes. diferenčný slovník 
563 |a 10000 výtl. 
650 0 7 |a matematika  |x učebnice vysokoškolské 
655 7 |a učebnice  |2 SNKPH 
700 1 |a Mišík, Ladislav  |4 aut 
700 1 |a Švec, Marko,  |d 1919-  |4 aut  |9 265 
830 0 |a Edícia teoretickej literatúry 
910 |a kis3gmm 
919 |a viaz. 
958 |a OND 
958 |a TL 
958 |a RK 
958 |a UV 
999 |c 11265  |d 11265 
942 0 0 |0 1